[Event "Landsturneringen 2017"]
[Site "Clarion Energy Hotel, Stavanger"]
[Date "2017.07.06"]
[Round "7"]
[White "Skjølås, Erling Dyrhaug"]
[Black "Wadstensvik, Petter Andreas"]
[Result "1/2-1/2"]
[WhiteElo "1837"]
[BlackElo "1809"]
[PlyCount "125"]
[EventDate "2017.??.??"]

1. c4 Nf6 2. g3 g6 3. Bg2 Bg7 4. Nc3 O-O 5. e4 d6 6. Nge2 e5 7. O-O Nc6 8. d3
h6 9. f4 Ne7 10. fxe5 dxe5 11. Bxh6 Nxe4 12. Bxg7 Nxc3 13. Nxc3 Kxg7 14. Qe2
Qd4+ 15. Kh1 Bf5 16. Nb5 Qd7 17. Qxe5+ f6 18. Qxc7 Nc6 19. Rxf5 Qxc7 20. Nxc7
gxf5 21. Nxa8 Rxa8 22. Bxc6 bxc6 23. Rd1 Re8 24. Rd2 c5 25. Kg2 Re1 26. Kh3 Rg1
27. b3 Kg6 28. d4 cxd4 29. Rxd4 Ra1 30. Rd2 Rc1 31. Rd7 Rc3 32. Rxa7 f4 33. Kg2
Kf5 34. gxf4 Kxf4 35. c5 Rxc5 36. Ra4+ Ke3 37. Rc4 Rg5+ 38. Kh3 f5 39. Rc5 Ke4
40. Rc4+ Ke5 41. Rc3 Ke4 42. Rg3 Rh5+ 43. Kg2 f4 44. Rc3 Rd5 45. Rc2 Ke3 46. h4
Rd8 47. a4 f3+ 48. Kg3 Rg8+ 49. Kh3 f2 50. Rc3+ Kd2 51. Rf3 Ke2 52. Rf7 Rb8 53.
Re7+ Kf1 54. Kg4 Rf8 55. Rc7 Kg2 56. Rc2 Rb8 57. h5 Rxb3 58. h6 Ra3 59. Kg5
Rxa4 60. h7 Ra5+ 61. Kg6 Ra6+ 62. Kg7 Ra7+ 63. Kg8
1/2-1/2

[Event "Landsturneringen 2017"]
[Site "Clarion Energy Hotel, Stavanger"]
[Date "2017.07.06"]
[Round "7"]
[White "Kyrkjebø, Marte B"]
[Black "Reigstad, Erlend"]
[Result "0-1"]
[WhiteElo "1833"]
[BlackElo "1660"]
[PlyCount "172"]
[EventDate "2017.??.??"]

1. e4 c6 2. d4 d5 3. e5 c5 4. dxc5 e6 5. Be3 Nd7 6. Bb5 Qc7 7. Nf3 Bxc5 8. Bxc5
Qxc5 9. Bxd7+ Bxd7 10. O-O Ne7 11. Nbd2 Rc8 12. c3 O-O 13. Nb3 Qb6 14. Nfd4 Ng6
15. f4 f6 16. Qe2 Ba4 17. Kh1 fxe5 18. fxe5 Rf4 19. Rxf4 Nxf4 20. Qe3 Ng6 21.
Rf1 Bxb3 22. axb3 Qa6 23. Re1 Rf8 24. h3 Rf1+ 25. Kh2 Rf4 26. Qe2 Qb6 27. Qc2
Rf8 28. Qd2 Ne7 29. Qc2 Nf5 30. Nxf5 Rxf5 31. Qd1 Qf2 32. Qe2 Qb6 33. Qd1 Rf2
34. Re2 Rxe2 35. Qxe2 Qxb3 36. Qf2 Qb6 37. Qh4 Qc7 38. Qh5 Qf7 39. Qe2 a6 40.
Kg1 Qf4 41. Kh1 g6 42. Kg1 b5 43. Qe1 d4 44. cxd4 Qxd4+ 45. Kh2 Qxb2 46. Qe4
Qf2 47. Qa8+ Qf8 48. Qxa6 Qf4+ 49. Kh1 Qxe5 50. Qc8+ Kg7 51. Qe8 Qe1+ 52. Kh2
b4 53. Qe7+ Kh6 54. Qf8+ Kg5 55. Qe7+ Kf5 56. Qf7+ Ke5 57. Qc7+ Kd4 58. Qd6+
Kc3 59. Qc6+ Kb2 60. Qd6 e5 61. Qd3 b3 62. Qc4 Qc3 63. Qe2+ Kb1 64. Qd1+ Ka2
65. Qe2+ b2 66. Qa6+ Qa3 67. Qe6+ Ka1 68. Qxe5 Qb3 69. Qa5+ Kb1 70. Qe1+ Kc2
71. Qe2+ Kc3 72. Qe3+ Kc4 73. Qe6+ Kc3 74. Qe3+ Kb4 75. Qb6+ Ka3 76. Qa6+ Qa4
77. Qd3+ Ka2 78. Qd5+ Ka1 79. Qe5 g5 80. Kh1 Qd1+ 81. Kh2 Qd8 82. Kh1 h5 83.
Kh2 Qd2 84. Kh1 Qc1+ 85. Kh2 Qf4+ 86. Qxf4 gxf4
0-1

[Event "Landsturneringen 2017"]
[Site "Clarion Energy Hotel, Stavanger"]
[Date "2017.07.07"]
[Round "8"]
[White "Vestby-Ellingsen, Mads"]
[Black "Ranaldi, Lucas"]
[Result "1/2-1/2"]
[WhiteElo "2175"]
[BlackElo "2269"]
[PlyCount "89"]

1. d4 {[%clk 1:30:56]} Nf6 {[%clk 1:30:53]} 2. c4 {[%clk 1:31:18]} g6
{[%clk 1:30:17]} 3. Nc3 {[%clk 1:31:28]} Bg7 {[%clk 1:30:42]} 4. e4
{[%clk 1:31:45]} d6 {[%clk 1:31:06]} 5. Nf3 {[%clk 1:32:07]} O-O {[%clk 1:31:31]}
6. h3 {[%clk 1:32:26]} c5 {[%clk 1:29:31]} 7. d5 {[%clk 1:32:42]} e6
{[%clk 1:29:54]} 8. Bd3 {[%clk 1:32:50]} exd5 {[%clk 1:30:18]} 9. exd5
{[%clk 1:33:04]} Re8+ {[%clk 1:29:23]} 10. Be3 {[%clk 1:33:20]} Na6
{[%clk 1:26:52]} 11. O-O {[%clk 1:32:37]} Nc7 {[%clk 1:24:40]} 12. a4
{[%clk 1:18:32]} Rb8 {[%clk 1:07:35]} 13. Qd2 {[%clk 1:13:26]} b6
{[%clk 1:02:17]} 14. Bg5 {[%clk 0:53:28]} Qd7 {[%clk 0:55:21]} 15. Rfe1
{[%clk 0:34:21]} Bb7 {[%clk 0:42:19]} 16. Nh2 {[%clk 0:25:49]} Rxe1+
{[%clk 0:37:07]} 17. Rxe1 {[%clk 0:25:56]} Re8 {[%clk 0:36:59]} 18. Rxe8+
{[%clk 0:19:46]} Ncxe8 {[%clk 0:33:43]} 19. Qe3 {[%clk 0:18:22]} a6
{[%clk 0:31:05]} 20. b3 {[%clk 0:13:43]} Bc8 {[%clk 0:26:36]} 21. Bf1
{[%clk 0:10:23]} Kf8 {[%clk 0:24:07]} 22. Qc1 {[%clk 0:05:57]} a5
{[%clk 0:12:47]} 23. Nf3 {[%clk 0:05:02]} Qf5 {[%clk 0:09:54]} 24. Qd2
{[%clk 0:03:21]} Qd7 {[%clk 0:09:38]} 25. Bd3 {[%clk 0:03:26]} Ng8
{[%clk 0:09:40]} 26. Nb5 {[%clk 0:03:00]} f6 {[%clk 0:07:39]} 27. Bf4
{[%clk 0:03:07]} Ba6 {[%clk 0:06:55]} 28. Nc3 {[%clk 0:03:12]} Qe7
{[%clk 0:06:09]} 29. h4 {[%clk 0:03:06]} Bc8 {[%clk 0:04:58]} 30. Bg3
{[%clk 0:02:01]} Nh6 {[%clk 0:03:37]} 31. h5 {[%clk 0:01:54]} f5 {[%clk 0:02:10]}
32. hxg6 {[%clk 0:01:58]} hxg6 {[%clk 0:02:39]} 33. Nb5 {[%clk 0:01:44]} Nf7
{[%clk 0:02:20]} 34. Bf4 {[%clk 0:01:19]} Bd7 {[%clk 0:02:01]} 35. g3
{[%clk 0:00:55]} Kg8 {[%clk 0:02:08]} 36. Kg2 {[%clk 0:01:11]} Ne5
{[%clk 0:01:36]} 37. Be2 {[%clk 0:00:52]} Nxf3 {[%clk 0:01:48]} 38. Bxf3
{[%clk 0:01:15]} Bxb5 {[%clk 0:01:35]} 39. axb5 {[%clk 0:01:35]} Be5
{[%clk 0:01:49]} 40. Be3 {[%clk 0:01:08]} Kf7 {[%clk 0:00:36]} 41. Bg5
{[%clk 0:18:04]} Bf6 {[%clk 0:31:02]} 42. Be3 {[%clk 0:16:40]} Be5
{[%clk 0:22:43]} 43. Bg5 {[%clk 0:13:27]} Bf6 {[%clk 0:20:55]} 44. Be3
{[%clk 0:13:15]} Be5 {[%clk 0:17:24]} 45. Bg5 {[%clk 0:11:34]}
1/2-1/2

[Event "Landsturneringen 2017"]
[Site "Clarion Energy Hotel, Stavanger"]
[Date "2017.07.07"]
[Round "8"]
[White "Merkesvik, Sondre"]
[Black "Nilsen, Martin"]
[Result "1/2-1/2"]
[WhiteElo "2211"]
[BlackElo "2080"]
[PlyCount "130"]

1. d4 {[%clk 1:30:35]} e6 {[%clk 1:28:07]} 2. c4 {[%clk 1:30:19]} d5
{[%clk 1:23:38]} 3. Nf3 {[%clk 1:29:37]} Nf6 {[%clk 1:23:53]} 4. g3
{[%clk 1:30:02]} b6 {[%clk 1:19:25]} 5. Bg2 {[%clk 0:57:46]} Bb7 {[%clk 1:11:38]}
6. O-O {[%clk 0:57:42]} dxc4 {[%clk 1:01:37]} 7. Qa4+ {[%clk 0:56:31]} Nbd7
{[%clk 0:59:48]} 8. Rd1 {[%clk 0:49:03]} Bd6 {[%clk 0:49:13]} 9. Nbd2
{[%clk 0:39:34]} a6 {[%clk 0:31:36]} 10. Nxc4 {[%clk 0:38:46]} O-O
{[%clk 0:25:24]} 11. Nxd6 {[%clk 0:37:51]} cxd6 {[%clk 0:22:13]} 12. Bf4
{[%clk 0:29:47]} Ne4 {[%clk 0:16:47]} 13. Nd2 {[%clk 0:28:54]} Ndf6
{[%clk 0:15:56]} 14. Qa3 {[%clk 0:26:08]} Qd7 {[%clk 0:03:44]} 15. Nxe4
{[%clk 0:20:37]} Nxe4 {[%clk 0:03:31]} 16. f3 {[%clk 0:20:23]} Nf6
{[%clk 0:02:49]} 17. Bxd6 {[%clk 0:19:48]} Rfd8 {[%clk 0:02:50]} 18. Be7
{[%clk 0:19:26]} Rdc8 {[%clk 0:03:02]} 19. Bxf6 {[%clk 0:13:53]} gxf6
{[%clk 0:03:31]} 20. Qd3 {[%clk 0:12:18]} Rc7 {[%clk 0:03:38]} 21. Rac1
{[%clk 0:04:38]} Rac8 {[%clk 0:04:03]} 22. Rxc7 {[%clk 0:05:06]} Qxc7
{[%clk 0:03:49]} 23. Rd2 {[%clk 0:02:34]} a5 {[%clk 0:03:36]} 24. Kf2
{[%clk 0:02:30]} Qc1 {[%clk 0:03:30]} 25. f4 {[%clk 0:01:00]} Bd5
{[%clk 0:00:37]} 26. Bxd5 exd5 {[%clk 0:01:07]} 27. Rd1 {[%clk 0:00:38]} Qxb2
{[%clk 0:01:22]} 28. Rb1 {[%clk 0:01:08]} Qxa2 {[%clk 0:01:17]} 29. Rxb6
{[%clk 0:01:32]} Qc4 {[%clk 0:00:38]} 30. Qe3 {[%clk 0:00:41]} Kg7
{[%clk 0:00:36]} 31. g4 {[%clk 0:00:45]} Qc7 {[%clk 0:00:40]} 32. Ra6
{[%clk 0:00:59]} Rd8 {[%clk 0:00:35]} 33. h3 {[%clk 0:00:37]} Rd7
{[%clk 0:00:52]} 34. Qd2 {[%clk 0:00:59]} Re7 {[%clk 0:00:36]} 35. Rxa5
{[%clk 0:01:15]} Qc4 {[%clk 0:00:41]} 36. Rc5 {[%clk 0:00:36]} Qb3
{[%clk 0:01:11]} 37. Qd3 {[%clk 0:01:00]} Qa2 {[%clk 0:01:07]} 38. Rc1
{[%clk 0:00:38]} Re4 {[%clk 0:01:00]} 39. Kf3 {[%clk 0:00:40]} Qb2
{[%clk 0:01:04]} 40. Rd1 {[%clk 0:01:05]} Qb8 {[%clk 0:00:44]} 41. e3
{[%clk 0:28:20]} Re7 {[%clk 0:29:36]} 42. h4 {[%clk 0:21:46]} Rc7
{[%clk 0:15:19]} 43. Qf5 {[%clk 0:15:29]} Qb2 {[%clk 0:03:57]} 44. g5
{[%clk 0:02:25]} Rc6 {[%clk 0:00:56]} 45. Qxd5 {[%clk 0:00:47]} Re6
{[%clk 0:00:40]} 46. Rg1 {[%clk 0:00:41]} f5 {[%clk 0:00:48]} 47. Qxf5
{[%clk 0:00:32]} Qc3 {[%clk 0:00:55]} 48. Kg4 {[%clk 0:00:34]} Qxe3
{[%clk 0:01:18]} 49. Rg2 {[%clk 0:00:44]} Qxd4 {[%clk 0:01:22]} 50. Qc2
{[%clk 0:00:35]} Re4 {[%clk 0:01:03]} 51. Rf2 {[%clk 0:01:00]} Re1
{[%clk 0:00:58]} 52. Qb2 {[%clk 0:00:42]} Rg1+ {[%clk 0:00:51]} 53. Kf3
{[%clk 0:01:02]} Qxb2 {[%clk 0:00:51]} 54. Rxb2 {[%clk 0:01:30]} Rf1+
{[%clk 0:00:37]} 55. Kg3 {[%clk 0:01:36]} h5 {[%clk 0:00:45]} 56. gxh6+
{[%clk 0:01:39]} Kxh6 {[%clk 0:01:09]} 57. Kg4 {[%clk 0:01:26]} Ra1
{[%clk 0:01:01]} 58. Rb6+ {[%clk 0:00:41]} Kg7 {[%clk 0:01:23]} 59. h5
{[%clk 0:00:45]} Rg1+ {[%clk 0:00:45]} 60. Kf5 {[%clk 0:01:10]} Rh1
{[%clk 0:00:46]} 61. h6+ {[%clk 0:00:59]} Rxh6 {[%clk 0:00:42]} 62. Rxh6
{[%clk 0:01:23]} Kxh6 {[%clk 0:01:10]} 63. Kf6 {[%clk 0:00:35]} Kh5
{[%clk 0:01:30]} 64. Kxf7 {[%clk 0:00:40]} Kg4 {[%clk 0:01:56]} 65. Ke6
{[%clk 0:01:05]} Kxf4
1/2-1/2

[Event "Landsturneringen 2017"]
[Site "Clarion Energy Hotel, Stavanger"]
[Date "2017.07.07"]
[Round "8"]
[White "Kizatbay, Abyl"]
[Black "Kizatbay, Alseit"]
[Result "1/2-1/2"]
[WhiteElo "2127"]
[BlackElo "1952"]
[PlyCount "23"]

1. e4 {[%clk 1:30:43]} e5 {[%clk 1:28:33]} 2. Nf3 {[%clk 1:24:57]} Nc6
{[%clk 1:27:50]} 3. Bb5 {[%clk 1:24:07]} a6 {[%clk 1:24:59]} 4. Ba4
{[%clk 1:17:20]} Nf6 {[%clk 1:21:40]} 5. d3 {[%clk 1:17:45]} Bc5 {[%clk 1:19:57]}
6. c3 {[%clk 1:14:42]} d6 {[%clk 1:19:23]} 7. h3 {[%clk 1:07:41]} Ba7
{[%clk 1:19:32]} 8. O-O {[%clk 1:07:00]} O-O {[%clk 1:19:13]} 9. Re1
{[%clk 1:05:48]} Ne7 {[%clk 1:16:20]} 10. Nbd2 {[%clk 1:05:10]} Ng6
{[%clk 1:16:27]} 11. Nf1 {[%clk 1:04:42]} c6 {[%clk 1:16:30]} 12. Ng3
{[%clk 0:59:44]}
1/2-1/2

[Event "Landsturneringen 2017"]
[Site "Clarion Energy Hotel, Stavanger"]
[Date "2017.07.07"]
[Round "8"]
[White "Fossan, Andreas"]
[Black "Løbersli, Henrik Øie"]
[Result "1-0"]
[WhiteElo "1998"]
[BlackElo "2084"]
[PlyCount "87"]

1. d4 {[%clk 1:30:50]} Nf6 {[%clk 1:30:36]} 2. c4 {[%clk 1:31:12]} e6
{[%clk 1:30:31]} 3. Nc3 {[%clk 1:31:34]} Bb4 {[%clk 1:30:20]} 4. e3
{[%clk 1:31:40]} O-O {[%clk 1:29:41]} 5. Nge2 {[%clk 1:32:03]} Re8
{[%clk 1:29:13]} 6. a3 {[%clk 1:32:15]} Bf8 {[%clk 1:29:22]} 7. d5
{[%clk 1:17:52]} a5 {[%clk 1:28:22]} 8. g3 {[%clk 1:17:57]} Na6 {[%clk 1:27:47]}
9. Bg2 {[%clk 1:17:57]} Nc5 {[%clk 1:26:49]} 10. b3 {[%clk 1:16:36]} exd5
{[%clk 1:23:25]} 11. cxd5 {[%clk 1:10:50]} b6 {[%clk 1:22:55]} 12. O-O
{[%clk 1:08:27]} Ba6 {[%clk 1:22:01]} 13. Bd2 {[%clk 0:44:13]} Bd6
{[%clk 0:58:00]} 14. b4 {[%clk 0:32:41]} axb4 {[%clk 0:44:32]} 15. axb4
{[%clk 0:32:31]} Nd3 {[%clk 0:44:20]} 16. b5 {[%clk 0:31:26]} Bb7
{[%clk 0:44:33]} 17. Qc2 {[%clk 0:28:13]} Nc5 {[%clk 0:40:31]} 18. Nf4
{[%clk 0:24:58]} Qe7 {[%clk 0:36:11]} 19. e4 {[%clk 0:21:55]} Be5
{[%clk 0:27:29]} 20. f3 {[%clk 0:19:09]} h5 {[%clk 0:23:48]} 21. Nfe2
{[%clk 0:16:50]} h4 {[%clk 0:18:15]} 22. g4 {[%clk 0:11:50]} Qd6 {[%clk 0:16:04]}
23. h3 {[%clk 0:11:31]} Rxa1 {[%clk 0:16:01]} 24. Rxa1 {[%clk 0:11:40]} c6
{[%clk 0:16:03]} 25. f4 {[%clk 0:09:12]} Bxc3 {[%clk 0:15:44]} 26. Nxc3
{[%clk 0:09:24]} Qc7 {[%clk 0:13:54]} 27. dxc6 {[%clk 0:06:28]} dxc6
{[%clk 0:14:22]} 28. e5 {[%clk 0:06:23]} Nfd7 {[%clk 0:10:24]} 29. Be3
{[%clk 0:05:01]} f6 {[%clk 0:06:03]} 30. Qg6 {[%clk 0:02:06]} Rf8
{[%clk 0:05:37]} 31. bxc6 {[%clk 0:01:51]} Bxc6 {[%clk 0:05:59]} 32. Nd5
{[%clk 0:01:54]} Qd8 {[%clk 0:05:31]} 33. Rd1 {[%clk 0:01:37]} Qe8
{[%clk 0:04:06]} 34. Ne7+ {[%clk 0:00:59]} Qxe7 {[%clk 0:04:21]} 35. Bxc6
{[%clk 0:01:13]} Nxe5 {[%clk 0:00:39]} 36. fxe5 {[%clk 0:00:52]} Qxe5
{[%clk 0:01:07]} 37. Bd5+ {[%clk 0:00:44]} Ne6 {[%clk 0:01:36]} 38. Bxe6+
{[%clk 0:00:46]} Qxe6 {[%clk 0:02:05]} 39. Qd3 {[%clk 0:00:33]} Re8
{[%clk 0:02:06]} 40. Bf2 {[%clk 0:00:43]} Kh8 {[%clk 0:00:33]} 41. Re1
{[%clk 0:26:46]} Qf7 {[%clk 0:31:14]} 42. Rxe8+ {[%clk 0:24:51]} Qxe8
{[%clk 0:31:23]} 43. Bxb6 {[%clk 0:24:29]} Qc6 {[%clk 0:27:25]} 44. Bf2
{[%clk 0:22:14]}
1-0

[Event "Landsturneringen 2017"]
[Site "Clarion Energy Hotel, Stavanger"]
[Date "2017.07.07"]
[Round "8"]
[White "Kjærås, Alf Marius"]
[Black "Machlik, Edit"]
[Result "1-0"]
[WhiteElo "1713"]
[BlackElo "2084"]
[PlyCount "85"]
[EventDate "2017.??.??"]

1. d4 Nf6 2. Bf4 e6 3. e3 c5 4. Nf3 d5 5. c3 Bd6 6. Bg3 O-O 7. Nbd2 Nc6 8. Bb5
Ne7 9. Bd3 h6 10. Ne5 Bxe5 11. Bxe5 Nd7 12. Bd6 b6 13. e4 cxd4 14. cxd4 dxe4
15. Bxe4 Nd5 16. Bxd5 exd5 17. Bxf8 Qxf8 18. O-O Qb4 19. Nb3 Nf6 20. Qd2 Qd6
21. f3 Nh5 22. Rfe1 Ba6 23. Re5 Qg6 24. Rc1 Bc4 25. Qe3 Rd8 26. Nd2 Bb5 27. Rc7
a5 28. Ree7 Qf6 29. Rxf7 Qxf7 30. Rxf7 Kxf7 31. Qb3 Be8 32. Qxb6 Rd7 33. Qxa5
Nf4 34. Qa6 Re7 35. Nb3 Re2 36. g3 Nh3+ 37. Kf1 Rf2+ 38. Ke1 Rxf3 39. Qb7+ Kf8
40. Qxd5 Rf6 41. Qc5+ Kf7 42. Qh5+ Kf8 43. Qxh3
1-0

[Event "Landsturneringen 2017"]
[Site "Clarion Energy Hotel, Stavanger"]
[Date "2017.07.07"]
[Round "8"]
[White "Jarve, Edvin"]
[Black "Sjøberg, Isak"]
[Result "0-1"]
[WhiteElo "1843"]
[BlackElo "2076"]
[PlyCount "94"]
[EventDate "2017.??.??"]

1. d4 Nf6 2. c4 c5 3. d5 e6 4. Nc3 exd5 5. cxd5 d6 6. e4 g6 7. Nge2 Bg7 8. Ng3
O-O 9. Be2 a6 10. a4 Nbd7 11. O-O h5 12. Bg5 Qb6 13. Qd2 Nh7 14. Be3 Re8 15. f3
Ne5 16. Nh1 f5 17. Nf2 Nf6 18. Kh1 Kh7 19. a5 Qc7 20. h3 Nf7 21. Bd3 Nh6 22.
Na4 Rb8 23. Rfc1 Qe7 24. Nb6 fxe4 25. fxe4 Nd7 26. Nc4 Ne5 27. Nxe5 Qxe5 28.
Rab1 Rf8 29. Kg1 Bd7 30. b4 cxb4 31. Rxb4 Qg3 32. Nh1 Qe5 33. Bd4 Qe7 34. Bxg7
Qxg7 35. Rc7 Qa1+ 36. Rb1 Qd4+ 37. Kh2 Rf7 38. Qc3 Qe3 39. Re1 Qg5 40. Qb2 Ng4+
41. Kg1 Ne5 42. Rf1 Rbf8 43. Rxf7+ Rxf7 44. Nf2 Qg3 45. Rc3 Nf3+ 46. Kf1 Bxh3
47. Nxh3 Qe1#
0-1

[Event "Landsturneringen 2017"]
[Site "Clarion Energy Hotel, Stavanger"]
[Date "2017.07.07"]
[Round "8"]
[White "Nordquelle, Daniel"]
[Black "Lund, Gunnar"]
[Result "0-1"]
[WhiteElo "2047"]
[BlackElo "2051"]
[PlyCount "128"]

1. e4 {[%clk 1:29:44]} e5 {[%clk 1:30:44]} 2. Nf3 {[%clk 1:30:08]} Nc6
{[%clk 1:31:07]} 3. Bc4 {[%clk 1:30:29]} Bc5 {[%clk 1:31:27]} 4. O-O
{[%clk 1:30:53]} Nf6 {[%clk 1:31:44]} 5. d3 {[%clk 1:31:17]} a6 {[%clk 1:31:08]}
6. a4 {[%clk 1:30:58]} O-O {[%clk 1:30:05]} 7. c3 {[%clk 1:31:11]} d6
{[%clk 1:30:08]} 8. Na3 {[%clk 1:31:34]} Ne7 {[%clk 1:28:31]} 9. Nc2
{[%clk 1:31:31]} Ng6 {[%clk 1:28:36]} 10. h3 {[%clk 1:29:17]} Ba7
{[%clk 1:27:23]} 11. Re1 {[%clk 1:29:35]} Nh5 {[%clk 1:24:28]} 12. Be3
{[%clk 1:25:24]} Nhf4 {[%clk 1:21:24]} 13. Bxa7 {[%clk 1:21:38]} Rxa7
{[%clk 1:20:06]} 14. d4 {[%clk 1:21:33]} Ra8 {[%clk 1:13:05]} 15. Ne3
{[%clk 1:14:54]} Be6 {[%clk 1:11:39]} 16. dxe5 {[%clk 1:00:37]} dxe5
{[%clk 1:10:02]} 17. Qb3 {[%clk 1:00:22]} Qf6 {[%clk 0:54:40]} 18. Bxe6
{[%clk 0:46:13]} fxe6 {[%clk 0:50:45]} 19. Nh2 {[%clk 0:31:24]} Rad8
{[%clk 0:39:36]} 20. Qc2 {[%clk 0:23:10]} Nh4 {[%clk 0:33:38]} 21. Kh1
{[%clk 0:11:07]} Nd3 {[%clk 0:19:46]} 22. Nhg4 {[%clk 0:07:23]} Nxf2+
{[%clk 0:19:04]} 23. Qxf2 {[%clk 0:07:34]} Qxf2 {[%clk 0:19:20]} 24. Nxf2
{[%clk 0:07:58]} Rxf2 {[%clk 0:19:35]} 25. Rad1 {[%clk 0:08:23]} Rfd2
{[%clk 0:17:03]} 26. Rxd2 {[%clk 0:08:03]} Rxd2 {[%clk 0:17:30]} 27. Rd1
{[%clk 0:04:35]} Rxd1+ {[%clk 0:16:54]} 28. Nxd1 {[%clk 0:04:58]} Ng6
{[%clk 0:16:54]} 29. g3 {[%clk 0:05:12]} Nf8 {[%clk 0:15:49]} 30. Nf2
{[%clk 0:02:26]} Nd7 {[%clk 0:14:04]} 31. Nd3 {[%clk 0:02:47]} c5
{[%clk 0:11:47]} 32. b4 {[%clk 0:00:40]} c4 {[%clk 0:10:14]} 33. Nb2
{[%clk 0:01:06]} Nf6 {[%clk 0:09:35]} 34. Nxc4 {[%clk 0:00:53]} Nxe4
{[%clk 0:09:59]} 35. Nxe5 {[%clk 0:00:33]} Nxc3 {[%clk 0:09:55]} 36. a5
{[%clk 0:00:55]} Nd5 {[%clk 0:09:29]} 37. Nd3 {[%clk 0:01:13]} Kf7
{[%clk 0:09:29]} 38. Kg2 {[%clk 0:01:15]} Ke7 {[%clk 0:08:35]} 39. Kf3
{[%clk 0:01:16]} Kd6 {[%clk 0:08:20]} 40. Ke4 {[%clk 0:01:25]} Nc3+
{[%clk 0:06:50]} 41. Kd4 {[%clk 0:25:43]} Ne2+ {[%clk 0:35:26]} 42. Kc4
{[%clk 0:26:05]} e5 {[%clk 0:27:15]} 43. Nc5 {[%clk 0:25:23]} Kc6
{[%clk 0:27:33]} 44. Ne4 {[%clk 0:25:36]} h6 {[%clk 0:24:02]} 45. h4
{[%clk 0:25:25]} Nd4 {[%clk 0:23:40]} 46. Nc5 {[%clk 0:24:19]} Nb5
{[%clk 0:22:23]} 47. Ne6 {[%clk 0:11:38]} Nd6+ {[%clk 0:21:07]} 48. Kb3
{[%clk 0:11:54]} g6 {[%clk 0:18:00]} 49. Nf8 {[%clk 0:04:18]} g5 {[%clk 0:17:20]}
50. hxg5 {[%clk 0:04:29]} hxg5 {[%clk 0:17:48]} 51. Nh7 {[%clk 0:04:10]} Ne4
{[%clk 0:13:42]} 52. g4 {[%clk 0:02:05]} Kd5 {[%clk 0:13:20]} 53. Ka3
{[%clk 0:00:41]} Ke6 {[%clk 0:12:13]} 54. Nf8+ {[%clk 0:00:51]} Ke7
{[%clk 0:12:18]} 55. Ng6+ {[%clk 0:01:11]} Kd6 {[%clk 0:12:11]} 56. Nh8
{[%clk 0:00:31]} Ke6 {[%clk 0:09:20]} 57. Ng6 {[%clk 0:00:52]} Nf6
{[%clk 0:09:22]} 58. Kb3 {[%clk 0:00:56]} Nxg4 {[%clk 0:09:20]} 59. Kc4
{[%clk 0:01:02]} Kf7 {[%clk 0:09:01]} 60. Nh8+ {[%clk 0:00:56]} Kg7
{[%clk 0:09:21]} 61. b5 {[%clk 0:01:04]} e4 {[%clk 0:09:07]} 62. Kc5
{[%clk 0:01:11]} e3 {[%clk 0:09:23]} 63. Kb6 {[%clk 0:01:24]} e2 {[%clk 0:09:30]}
64. Kxb7 {[%clk 0:01:08]} axb5 {[%clk 0:09:35]}
0-1

[Event "Landsturneringen 2017"]
[Site "Clarion Energy Hotel, Stavanger"]
[Date "2017.07.07"]
[Round "8"]
[White "Saltvedt, Martin"]
[Black "Machlik, Monika"]
[Result "1-0"]
[WhiteElo "2046"]
[BlackElo "2049"]
[PlyCount "132"]

1. d4 {[%clk 1:30:49]} Nf6 {[%clk 1:30:31]} 2. Bf4 {[%clk 1:28:39]} e6
{[%clk 1:29:29]} 3. Nf3 {[%clk 1:26:49]} d5 {[%clk 1:28:21]} 4. e3
{[%clk 1:26:56]} c5 {[%clk 1:28:21]} 5. c3 {[%clk 1:27:17]} Nc6 {[%clk 1:28:31]}
6. Bd3 {[%clk 1:24:00]} Bd6 {[%clk 1:28:08]} 7. Bg3 {[%clk 1:23:59]} O-O
{[%clk 1:28:08]} 8. Nbd2 {[%clk 1:24:18]} h6 {[%clk 1:28:11]} 9. Qe2
{[%clk 1:24:12]} Qe7 {[%clk 1:13:30]} 10. Rd1 {[%clk 1:24:28]} e5
{[%clk 1:10:25]} 11. dxc5 {[%clk 1:23:34]} Bxc5 {[%clk 1:06:50]} 12. e4
{[%clk 1:23:31]} d4 {[%clk 0:47:46]} 13. O-O {[%clk 1:22:34]} dxc3
{[%clk 0:45:37]} 14. bxc3 {[%clk 1:22:08]} Nh5 {[%clk 0:41:03]} 15. Bb5
{[%clk 1:16:59]} Nxg3 {[%clk 0:40:10]} 16. hxg3 {[%clk 1:17:25]} Bg4
{[%clk 0:36:50]} 17. Nc4 {[%clk 1:16:04]} a6 {[%clk 0:33:28]} 18. Bxc6
{[%clk 1:16:09]} bxc6 {[%clk 0:33:54]} 19. Rd2 {[%clk 1:15:07]} Rfe8
{[%clk 0:29:02]} 20. Rfd1 {[%clk 1:14:55]} Qc7 {[%clk 0:23:44]} 21. Ne3
{[%clk 1:12:36]} Bxe3 {[%clk 0:21:12]} 22. Qxe3 {[%clk 1:13:05]} Qa5
{[%clk 0:16:58]} 23. Qd3 {[%clk 1:11:51]} Qc5 {[%clk 0:10:10]} 24. Rb1
{[%clk 1:06:06]} Rab8 {[%clk 0:07:26]} 25. Rdb2 {[%clk 0:59:48]} Rbd8
{[%clk 0:06:50]} 26. Qc2 {[%clk 0:57:48]} Bxf3 {[%clk 0:06:27]} 27. gxf3
{[%clk 0:58:15]} Rd6 {[%clk 0:06:11]} 28. Kg2 {[%clk 0:56:50]} Red8
{[%clk 0:06:35]} 29. Rb8 {[%clk 0:57:10]} Qa7 {[%clk 0:04:06]} 30. R8b7
{[%clk 0:56:38]} Qc5 {[%clk 0:04:07]} 31. Qb3 {[%clk 0:55:02]} R8d7
{[%clk 0:03:01]} 32. Rxd7 {[%clk 0:49:53]} Rxd7 {[%clk 0:03:30]} 33. Qb8+
{[%clk 0:50:21]} Kh7 {[%clk 0:03:37]} 34. Qc8 {[%clk 0:50:41]} Ra7
{[%clk 0:02:01]} 35. Rb8 {[%clk 0:50:19]} Qd6 {[%clk 0:00:52]} 36. Qf5+
{[%clk 0:50:14]} Qg6 {[%clk 0:00:53]} 37. Qxe5 {[%clk 0:49:18]} Rd7
{[%clk 0:00:36]} 38. Ra8 {[%clk 0:46:45]} Qd6 {[%clk 0:00:35]} 39. Qxd6
{[%clk 0:45:42]} Rxd6 {[%clk 0:01:04]} 40. Rxa6 {[%clk 0:46:10]} Rd2
{[%clk 0:01:20]} 41. a4 {[%clk 0:45:33]} Ra2 {[%clk 0:01:43]} 42. e5
{[%clk 0:45:13]} Ra3 {[%clk 0:01:36]} 43. c4 {[%clk 0:45:23]} Kg8
{[%clk 0:00:37]} 44. f4 {[%clk 0:42:29]} Kf8 {[%clk 0:01:00]} 45. Rxc6
{[%clk 0:40:24]} Rxa4 {[%clk 0:01:24]} 46. Kf3 {[%clk 0:40:49]} Ra2
{[%clk 0:01:39]} 47. Ke3 {[%clk 0:40:48]} Ra3+ {[%clk 0:01:41]} 48. Ke4
{[%clk 0:40:45]} Ra2 {[%clk 0:02:00]} 49. f3 {[%clk 0:35:57]} Re2+
{[%clk 0:30:58]} 50. Kd3 {[%clk 1:07:02]} Rf2 {[%clk 0:28:25]} 51. Ke3
{[%clk 1:07:18]} Rc2 {[%clk 0:28:19]} 52. g4 {[%clk 1:04:40]} g6 {[%clk 0:27:50]}
53. f5 {[%clk 1:04:35]} gxf5 {[%clk 0:27:46]} 54. gxf5 {[%clk 1:04:44]} h5
{[%clk 0:26:35]} 55. Kf4 {[%clk 1:03:04]} Rc3 {[%clk 0:23:58]} 56. f6
{[%clk 0:58:04]} Kg8 {[%clk 0:19:54]} 57. Kg5 {[%clk 0:57:22]} Kh7
{[%clk 0:19:05]} 58. f4 {[%clk 0:57:36]} h4 {[%clk 0:18:10]} 59. Kxh4
{[%clk 0:57:38]} Kg6 {[%clk 0:18:22]} 60. Kg4 {[%clk 0:57:23]} Rc1
{[%clk 0:18:45]} 61. Rc7 {[%clk 0:57:40]} Rg1+ {[%clk 0:18:53]} 62. Kf3
{[%clk 0:58:09]} Kf5 {[%clk 0:18:59]} 63. Rxf7 {[%clk 0:58:05]} Rf1+
{[%clk 0:19:12]} 64. Ke3 {[%clk 0:57:31]} Rxf4 {[%clk 0:19:02]} 65. Re7
{[%clk 0:57:51]} Rxc4 {[%clk 0:18:41]} 66. f7 {[%clk 0:57:58]} Re4+
{[%clk 0:18:26]}
1-0